[Event "Frankfurt-chB"]
[Site "Frankfurt"]
[Date "2019.06.17"]
[Round "7"]
[White "Wich, Manuela"]
[Black "Oezyar, Arin"]
[Result "0-1"]
[WhiteElo "1488"]
[BlackElo "1167"]
[PlyCount "50"]
[EventDate "2019.04.29"]
[EventType "swiss"]
[EventRounds "7"]
[EventCountry "GER"]
[SourceTitle "EXT 2020"]
[Source "ChessBase"]
[SourceDate "2019.10.17"]
[SourceVersion "1"]
[SourceVersionDate "2019.10.17"]
[SourceQuality "1"]

1. e4 e5 2. Nf3 Nc6 3. Bc4 Bc5 4. c3 Nf6 5. d3 d6 6. 0-0 Bg4 7. h3 Bh5 8. g4 Bg6 9. Nh4 Nd7 10. Nf5 Bxf5 11. gxf5 Qh4 12. Qg4 Qxg4+ 13. hxg4 h5 14. g5 Ne7 15. Nd2 c6 16. Nf3 d5 17. Bb3 f6 18. Nh4 0-0-0 19. Bd1 Rdg8 20. g6 Bb6 21. Kg2 Nc5 22. Bd2 Rf8 23. b4 Nd7 24. a4 a5 25. bxa5 Bxa5 0-1

[Event "Frankfurt-chB"]
[Site "Frankfurt"]
[Date "2019.06.04"]
[Round "6"]
[White "Paulicks, Frank"]
[Black "Wich, Manuela"]
[Result "0-1"]
[WhiteElo "1252"]
[BlackElo "1488"]
[PlyCount "120"]
[EventDate "2019.04.29"]
[EventType "swiss"]
[EventRounds "7"]
[EventCountry "GER"]
[SourceTitle "EXT 2020"]
[Source "ChessBase"]
[SourceDate "2019.10.17"]
[SourceVersion "1"]
[SourceVersionDate "2019.10.17"]
[SourceQuality "1"]

1. e4 d6 2. Nf3 e5 3. Bc4 Bg4 4. Be2 Nf6 5. Nc3 c6 6. d4 Bxf3 7. Bxf3 Be7 8. Be3 Nbd7 9. 0-0 0-0 10. b4 d5 11. a3 dxe4 12. Nxe4 Nxe4 13. Bxe4 Nf6 14. Bf5 g6 15. Bh3 Qc7 16. c3 Rad8 17. Qc2 Nd5 18. Rfe1 Nxe3 19. fxe3 Bf6 20. Rab1 exd4 21. exd4 Bg7 22. Re2 Rfe8 23. Rxe8+ Rxe8 24. Qf2 Qe7 25. Kf1 Qe3 26. Qe1 Qf4+ 27. Qf2 Qxh2 28. Qg1 Qxg1+ 29. Kxg1 Re2 30. a4 Bh6 31. c4 b6 32. Bd7 c5 33. dxc5 bxc5 34. bxc5 Rc2 35. Bb5 Be3+ 36. Kh1 Bxc5 37. Rf1 h5 38. Be8 Rf2 39. Rd1 Rf4 40. Kh2 g5 41. Rd3 Rd4 42. Rf3 Bd6+ 43. Kg1 Rd1+ 44. Kf2 Bf4 45. Ke2 Rd4 46. Kf2 Rxc4 47. g3 Re4 48. Bxf7+ Kxf7 49. gxf4 gxf4 50. a5 Ra4 51. a6 Kf6 52. Kg2 Kg5 53. Rd3 Rxa6 54. Rd5+ Kg4 55. Rd7 Ra2+ 56. Kf1 Kf3 57. Rd3+ Kg4 58. Rd4 h4 59. Kg1 Kg3 60. Rd7 Ra1+ 0-1

[Event "Frankfurt-chA"]
[Site "Frankfurt"]
[Date "2018.04.30"]
[Round "1"]
[White "Wich, Manuela"]
[Black "Varma, Christopher"]
[Result "0-1"]
[WhiteElo "1469"]
[BlackElo "1816"]
[PlyCount "100"]
[EventDate "2018.04.30"]
[EventType "swiss"]
[EventRounds "7"]
[EventCountry "GER"]
[SourceTitle "EXT 2019"]
[Source "ChessBase"]
[SourceDate "2018.10.10"]
[SourceVersion "1"]
[SourceVersionDate "2018.10.10"]
[SourceQuality "1"]

1. e4 e6 2. Nf3 d5 3. exd5 exd5 4. d4 Nf6 5. Bd3 c5 6. c3 Be7 7. Bg5 0-0 8. Nbd2 Nc6 9. dxc5 Bxc5 10. 0-0 Bg4 11. Qc2 h6 12. Bh4 Be7 13. Bxf6 Bxf6 14. Bb5 Qb6 15. Bxc6 bxc6 16. h3 Bh5 17. Qb3 Qa6 18. Qc2 Bg6 19. Qc1 Rab8 20. Nb3 Qb6 21. Re1 Rfe8 22. Qd2 a5 23. Rxe8+ Rxe8 24. Re1 Rxe1+ 25. Qxe1 a4 26. Nbd4 Be4 27. Qd2 c5 28. Ne2 Bxf3 29. gxf3 Qd6 30. Ng3 Qe5 31. Qd1 Bh4 32. Qxa4 Bxg3 33. Qa8+ Qb8 34. Qxb8+ Bxb8 35. Kf1 Kf8 36. a4 Ke7 37. Ke2 Kd6 38. b4 Kc6 39. Kd3 c4+ 40. Kc2 Ba7 41. Kd1 Bxf2 42. Ke2 Bb6 43. Kd2 g5 44. Ke2 f5 45. Kd2 h5 46. Ke2 g4 47. fxg4 fxg4 48. hxg4 hxg4 49. Kf1 d4 50. cxd4 Bxd4 0-1

[Event "Frankfurt-chA"]
[Site "Frankfurt"]
[Date "2017.05.22"]
[Round "5"]
[White "Stricker, Konstantin"]
[Black "Wich, Manuela"]
[Result "1/2-1/2"]
[WhiteElo "1660"]
[BlackElo "1494"]
[PlyCount "74"]
[EventDate "2017.04.24"]
[EventType "swiss"]
[EventRounds "7"]
[EventCountry "GER"]
[SourceTitle "EXT 2018"]
[Source "ChessBase"]
[SourceDate "2017.10.13"]
[SourceVersion "1"]
[SourceVersionDate "2017.10.13"]
[SourceQuality "1"]

1. e4 Nf6 2. Nc3 e5 3. Nf3 d6 4. Bc4 Be7 5. 0-0 h6 6. h3 0-0 7. d4 exd4 8. Nxd4 Nxe4 9. Bxf7+ Rxf7 10. Nxe4 d5 11. Ng3 c5 12. Nf3 Nc6 13. c3 b6 14. Be3 Be6 15. Qe2 Qc8 16. Rfe1 Bf5 17. Rad1 Qd7 18. Rd2 Raf8 19. Nxf5 Qxf5 20. Red1 Rd8 21. Nh2 Bd6 22. Nf3 Rfd7 23. Kf1 Be7 24. a3 Qh5 25. Bf4 Qf7 26. Be3 Bf6 27. Qb5 Ne7 28. Qd3 Ng6 29. Qf5 Ne7 30. Qd3 Ng6 31. Qf5 Ne7 32. Qg4 h5 33. Qf4 Ng6 34. Qf5 Ne7 35. Qf4 Ng6 36. Qg3 Ne7 37. Qf4 Ng6 1/2-1/2

[Event "Frankfurt-chA"]
[Site "Frankfurt"]
[Date "2017.05.02"]
[Round "2"]
[White "Wich, Manuela"]
[Black "Leichum, Engelbert"]
[Result "1-0"]
[WhiteElo "1494"]
[BlackElo "1688"]
[PlyCount "61"]
[EventDate "2017.04.24"]
[EventType "swiss"]
[EventRounds "7"]
[EventCountry "GER"]
[SourceTitle "EXT 2018"]
[Source "ChessBase"]
[SourceDate "2017.10.13"]
[SourceVersion "1"]
[SourceVersionDate "2017.10.13"]
[SourceQuality "1"]

1. e4 d5 2. exd5 Nf6 3. Nf3 Nxd5 4. c4 Nf6 5. d4 Bg4 6. Be2 e6 7. 0-0 Nc6 8. Be3 Ne7 9. Ne5 Bxe2 10. Qxe2 Nf5 11. Rd1 c5 12. d5 Qc7 13. f4 Bd6 14. dxe6 fxe6 15. Nd3 0-0 16. Nc3 a6 17. Bf2 Rae8 18. Rf1 b6 19. Qf3 e5 20. fxe5 Bxe5 21. Nxe5 Rxe5 22. Bg3 Nxg3 23. Qxg3 Qe7 24. Rad1 Rc8 25. Qd3 Qb7 26. Nd5 Nxd5 27. cxd5 Rg5 28. Qc4 Kh8 29. Qf4 Qe7 30. d6 Qe3+ 31. Qxe3 1-0

[Event "Frankfurt-chB"]
[Site "Frankfurt"]
[Date "2016.05.23"]
[Round "4"]
[White "Winter, Thomas"]
[Black "Wich, Manuela"]
[Result "0-1"]
[WhiteElo "1359"]
[BlackElo "1493"]
[PlyCount "80"]
[EventDate "2016.04.25"]
[EventType "swiss"]
[EventRounds "9"]
[EventCountry "GER"]
[SourceTitle "EXT 2018"]
[Source "ChessBase"]
[SourceDate "2017.10.13"]
[SourceVersion "1"]
[SourceVersionDate "2017.10.13"]
[SourceQuality "1"]

1. e4 c6 2. Nf3 d5 3. Nc3 Bg4 4. h3 Bxf3 5. Qxf3 e6 6. d3 d4 7. Ne2 c5 8. b3 Nc6 9. a3 Nf6 10. Bf4 e5 11. Bd2 Be7 12. Ng3 0-0 13. Qd1 Ne8 14. Be2 Nd6 15. 0-0 b5 16. f4 f6 17. Bg4 c4 18. Be6+ Kh8 19. bxc4 bxc4 20. Bd5 Rc8 21. Bb4 Nxb4 22. axb4 cxd3 23. cxd3 Qb6 24. Qd2 exf4 25. Rxf4 Rc3 26. Rb1 Rfc8 27. Qd1 Qb8 28. Ne2 Ra3 29. Rf3 Nb5 30. Bc4 Nc3 31. Nxc3 Rxc3 32. b5 Qd6 33. Qa4 Qc7 34. Ra1 Bc5 35. Re1 Ra3 36. Qd1 Bb4 37. Re2 Qa5 38. Kf2 Ra1 39. Qc2 Be1+ 40. Kg1 Bg3+ 0-1

[Event "Frankfurt-chA"]
[Site "Frankfurt"]
[Date "2015.05.04"]
[Round "2"]
[White "Wich, Manuela"]
[Black "Stricker, Konstantin"]
[Result "0-1"]
[WhiteElo "1441"]
[BlackElo "1666"]
[PlyCount "103"]
[EventDate "2015.04.27"]
[EventType "swiss"]
[EventRounds "7"]
[EventCountry "GER"]
[SourceTitle "EXT 2016"]
[Source "ChessBase"]
[SourceDate "2015.10.08"]
[SourceVersion "1"]
[SourceVersionDate "2015.10.08"]
[SourceQuality "1"]

1. Nf3 Nf6 2. c4 e6 3. g3 Be7 4. Bg2 0-0 5. 0-0 c6 6. d3 d5 7. b3 Nbd7 8. Bb2 b6 9. Nbd2 Bb7 10. Ne5 Qc7 11. Ndf3 c5 12. d4 Nxe5 13. Nxe5 Rad8 14. e3 Nd7 15. Nxd7 Qxd7 16. Qe2 Bf6 17. Rfd1 Qe7 18. a4 Rd7 19. a5 Rfd8 20. axb6 axb6 21. Ra7 dxc4 22. Rxb7 Rxb7 23. Bxb7 Qxb7 24. Qxc4 h6 25. Rb1 Qe4 26. Rd1 h5 27. Qd3 Qg4 28. Kg2 Qg5 29. Bc1 Qd5+ 30. f3 cxd4 31. e4 Qc5 32. Bb2 e5 33. Rc1 Qd6 34. Rc4 Ra8 35. Rc2 Bg5 36. Bc1 Bxc1 37. Rxc1 Ra2+ 38. Rc2 Rxc2+ 39. Qxc2 Qc5 40. Qxc5 bxc5 41. Kf2 Kf8 42. Ke2 Ke7 43. Kd3 Kd6 44. h4 f6 45. Kc4 g6 46. g4 Kc6 47. b4 cxb4 48. Kxb4 Kb6 49. Kc4 Ka5 50. g5 fxg5 51. f4 gxf4 52. Kd3 0-1

[Event "Frankfurt-chB"]
[Site "Frankfurt"]
[Date "2013.05.27"]
[Round "4"]
[White "Wich, Manuela"]
[Black "Richter, Edgar"]
[Result "1-0"]
[WhiteElo "1366"]
[BlackElo "1170"]
[PlyCount "111"]
[EventDate "2013.04.29"]
[EventType "swiss"]
[EventRounds "7"]
[EventCountry "GER"]
[SourceTitle "EXT 2014"]
[Source "ChessBase"]
[SourceDate "2013.11.20"]
[SourceVersion "1"]
[SourceVersionDate "2013.11.20"]
[SourceQuality "1"]

1. e4 e5 2. Nf3 d6 3. Bc4 Bg4 4. d3 Nf6 5. Nbd2 Nbd7 6. Bb3 Nc5 7. h3 Bxf3 8. Qxf3 Nxb3 9. Nxb3 g6 10. Bg5 Bg7 11. 0-0-0 0-0 12. g4 h6 13. Be3 b6 14. g5 hxg5 15. Bxg5 Qe7 16. Rdg1 Qe6 17. Bxf6 Qxf6 18. Qxf6 Bxf6 19. h4 Bg7 20. Kd1 Bh6 21. Nd2 Kg7 22. h5 g5 23. Nf3 f6 24. Nh4 Kh7 25. Nf5 Rf7 26. Ke2 Rd8 27. f3 d5 28. Rd1 c5 29. exd5 Rxd5 30. c4 Rd8 31. b3 a5 32. a3 Rfd7 33. Ne3 Rf7 34. Nf5 Rfd7 35. Rhg1 Rg8 36. Rb1 Bf8 37. Rbd1 Rb7 38. a4 Rd7 39. Ne3 Be7 40. Nf5 Bd8 41. Rg2 Bc7 42. Ne3 Rd4 43. Ng4 Bd8 44. Rh1 Be7 45. Ne3 Rgd8 46. Rd1 R8d7 47. Rg4 Bd8 48. Nf5 Bc7 49. Rxd4 exd4 50. Kf2 Be5 51. Kg2 Rd8 52. Re1 Bf4 53. Re7+ Kg8 54. h6 Rf8 55. Rg7+ Kh8 56. Ne7 1-0

[Event "Frankfurt-chB"]
[Site "Frankfurt"]
[Date "2013.04.29"]
[Round "1"]
[White "Peschk, Kathrin"]
[Black "Wich, Manuela"]
[Result "1-0"]
[WhiteElo "1068"]
[BlackElo "1366"]
[PlyCount "107"]
[EventDate "2013.04.29"]
[EventType "swiss"]
[EventRounds "7"]
[EventCountry "GER"]
[SourceTitle "EXT 2014"]
[Source "ChessBase"]
[SourceDate "2013.11.20"]
[SourceVersion "1"]
[SourceVersionDate "2013.11.20"]
[SourceQuality "1"]

1. e4 c5 2. Nc3 d6 3. f4 g6 4. Nf3 Bg7 5. Bc4 e6 6. d4 cxd4 7. Nxd4 a6 8. Be3 Nc6 9. 0-0 Nf6 10. Re1 0-0 11. Bf2 Qc7 12. Nxc6 Qxc6 13. Bb3 b5 14. e5 Bb7 15. Qf3 Qxf3 16. gxf3 dxe5 17. fxe5 Nh5 18. Re3 Bh6 19. Rd3 Rfd8 20. Rad1 Bg5 21. Be3 Rxd3 22. Rxd3 Bxe3+ 23. Rxe3 Rd8 24. Ne4 Rd1+ 25. Kg2 Nf4+ 26. Kg3 Nd5 27. Rd3 Rxd3 28. cxd3 Ne3 29. Kf2 Nf5 30. Nc5 Bc8 31. a4 Nd4 32. Bd1 Kf8 33. axb5 axb5 34. Ke3 Nf5+ 35. Kd2 Ke8 36. Ne4 Kd8 37. Ng5 Ke7 38. Nxh7 Bb7 39. Nf6 Nh4 40. Ke3 Ng2+ 41. Kf2 Nf4 42. Ke3 Nd5+ 43. Nxd5+ Bxd5 44. f4 f6 45. d4 g5 46. Be2 b4 47. Bf3 Kf7 48. Bxd5 exd5 49. f5 Ke7 50. Kd3 Kf7 51. Kc2 fxe5 52. dxe5 Ke7 53. Kd3 Kd7 54. Kd4 1-0

[Event "Frankfurt-ch"]
[Site "Frankfurt"]
[Date "2010.06.14"]
[Round "7"]
[White "Urbach, Jens"]
[Black "Wich, Manuela"]
[Result "0-1"]
[WhiteElo "927"]
[BlackElo "1414"]
[PlyCount "95"]
[EventDate "2010.04.26"]
[EventType "swiss"]
[EventRounds "7"]
[EventCountry "GER"]
[SourceTitle "EXT 2011"]
[Source "ChessBase"]
[SourceDate "2010.11.26"]
[SourceVersion "1"]
[SourceVersionDate "2010.11.26"]
[SourceQuality "1"]

1. e4 c6 2. d4 d5 3. exd5 cxd5 4. c4 Nf6 5. Nc3 e6 6. c5 Nc6 7. Nf3 Be7 8. Be2 0-0 9. 0-0 b6 10. cxb6 axb6 11. a3 Bb7 12. Bd2 Ne4 13. Be1 Bd6 14. Nb5 Qe7 15. Nxd6 Qxd6 16. Qb3 Na5 17. Bxa5 Rxa5 18. Qb4 Qxb4 19. axb4 Rxa1 20. Rxa1 Ra8 21. Rxa8+ Bxa8 22. g4 f6 23. h4 Kf8 24. g5 Ke7 25. Bd3 Bb7 26. Kf1 Kd6 27. Ke2 Bc8 28. Ke3 Bb7 29. b5 fxg5 30. hxg5 h6 31. gxh6 gxh6 32. Ne5 Ke7 33. f3 Ng5 34. Ng6+ Kd6 35. b4 Bc8 36. f4 Nf7 37. Be2 Bd7 38. Kf2 Kc7 39. Kg3 Nd6 40. Nf8 Nf5+ 41. Kf3 Nxd4+ 42. Ke3 Nxe2 43. Nxd7 Kxd7 44. Kxe2 Kd6 45. Kf2 d4 46. Ke2 h5 47. Kd3 Kd5 48. Ke2 0-1

[Event "Frankfurt-ch"]
[Site "Frankfurt"]
[Date "2010.06.07"]
[Round "6"]
[White "Wich, Manuela"]
[Black "Budde, Michael"]
[Result "0-1"]
[WhiteElo "1414"]
[BlackElo "1688"]
[PlyCount "92"]
[EventDate "2010.04.26"]
[EventType "swiss"]
[EventRounds "7"]
[EventCountry "GER"]
[SourceTitle "EXT 2011"]
[Source "ChessBase"]
[SourceDate "2010.11.26"]
[SourceVersion "1"]
[SourceVersionDate "2010.11.26"]
[SourceQuality "1"]

1. e4 e5 2. Nf3 Nc6 3. d4 exd4 4. Nxd4 Nxd4 5. Qxd4 d6 6. Bd3 c5 7. Qe3 Nf6 8. Nc3 Be7 9. 0-0 0-0 10. f3 a6 11. Nd5 Nxd5 12. exd5 Bf6 13. Kh1 Re8 14. Qf2 b5 15. c3 Bb7 16. c4 bxc4 17. Bxc4 Bh4 18. g3 Bf6 19. Rb1 Bd4 20. Qc2 Qd7 21. Bd2 Qh3 22. b4 Bxd5 23. bxc5 dxc5 24. Bf4 Bxc4 25. Qxc4 h6 26. Rb7 Re6 27. Rfb1 Rae8 28. Rb8 Rxb8 29. Rxb8+ Kh7 30. Rb1 Qf5 31. Rf1 Rb6 32. Bc7 Rb2 33. g4 Qc2 34. Qxc2+ Rxc2 35. a4 Ra2 36. a5 c4 37. f4 c3 38. Bb6 Bf6 39. g5 hxg5 40. fxg5 Bxg5 41. h4 Bh6 42. Rg1 c2 43. Bd4 c1Q 44. h5 Qf4 45. Bf2 Qxf2 46. Rxg7+ Bxg7 0-1

[Event "Hessen-ch Gr-E 64th"]
[Site "Bad Vilbel"]
[Date "2010.04.03"]
[Round "3"]
[White "Honert, Stefan"]
[Black "Wich, Manuela"]
[Result "1/2-1/2"]
[WhiteElo "1297"]
[BlackElo "1444"]
[PlyCount "46"]
[EventDate "2010.03.31"]
[EventType "swiss"]
[EventRounds "5"]
[EventCountry "GER"]
[SourceTitle "EXT 2011"]
[Source "ChessBase"]
[SourceDate "2010.11.26"]
[SourceVersion "1"]
[SourceVersionDate "2010.11.26"]
[SourceQuality "1"]

1. d4 d5 2. c4 e5 3. dxe5 d4 4. Nf3 Nc6 5. Nbd2 Qe7 6. Nb3 Nxe5 7. Nxe5 Qxe5 8. Qxd4 Bd6 9. g3 Nf6 10. Bg2 0-0 11. Qxe5 Bxe5 12. Nc5 c6 13. Nd3 Bc7 14. b3 Bf5 15. Bb2 Nd7 16. 0-0-0 Rfe8 17. Bf3 Be4 18. Bxe4 Rxe4 19. e3 f6 20. Nf4 Rd8 21. Rd3 Kf8 22. Rhd1 Ke8 23. a4 g5 1/2-1/2

[Event "Hessen-ch qual-E"]
[Site "Erlensee"]
[Date "2007.04.08"]
[Round "5"]
[White "Wich, Manuela"]
[Black "Garbe, Heinz"]
[Result "1/2-1/2"]
[WhiteElo "1372"]
[BlackElo "1460"]
[PlyCount "91"]
[EventDate "2007.04.06"]
[EventType "swiss"]
[EventRounds "5"]
[EventCountry "GER"]
[SourceTitle "CBM 117 Extra"]
[Source "ChessBase"]
[SourceDate "2007.05.09"]
[SourceVersion "1"]
[SourceVersionDate "2007.05.09"]
[SourceQuality "1"]

1. d4 Nf6 2. c4 e6 3. Nc3 d5 4. cxd5 Nxd5 5. e4 Nxc3 6. bxc3 b6 7. Bd3 Bb7 8. Ne2 Be7 9. 0-0 0-0 10. Ng3 Nd7 11. e5 c5 12. Qh5 g6 13. Qg4 Nxe5 14. dxe5 Qxd3 15. Nh5 Qf5 16. Qxf5 exf5 17. Nf6+ Bxf6 18. exf6 Rfe8 19. Bg5 Re6 20. f3 Ba6 21. Rfd1 Bc4 22. Rd2 h6 23. Bxh6 Rxf6 24. Rad1 Re6 25. h4 Ree8 26. a3 Bb3 27. Rf1 Rad8 28. Rff2 Rxd2 29. Rxd2 Be6 30. Kf2 Kh7 31. Bf4 Rc8 32. g3 Kg7 33. Rd6 Kf8 34. Rd2 Ke8 35. Ke3 b5 36. Be5 a6 37. Kf4 Rd8 38. Rxd8+ Kxd8 39. g4 fxg4 40. fxg4 Ke7 41. h5 gxh5 42. gxh5 f6 43. Bc7 Kf7 44. h6 Kg6 45. Bd8 Bg8 46. Be7 1/2-1/2

[Event "Hessen-ch qual-E"]
[Site "Erlensee"]
[Date "2007.04.06"]
[Round "1"]
[White "Wich, Manuela"]
[Black "Bauer, Alfred"]
[Result "0-1"]
[WhiteElo "1372"]
[BlackElo "1466"]
[PlyCount "90"]
[EventDate "2007.04.06"]
[EventType "swiss"]
[EventRounds "5"]
[EventCountry "GER"]
[SourceTitle "CBM 117 Extra"]
[Source "ChessBase"]
[SourceDate "2007.05.09"]
[SourceVersion "1"]
[SourceVersionDate "2007.05.09"]
[SourceQuality "1"]

1. d4 d5 2. c4 e6 3. Nc3 c6 4. Nf3 Nf6 5. Bg5 Nbd7 6. e3 Qa5 7. Bxf6 Nxf6 8. Be2 Ne4 9. Qa4 Qxa4 10. Nxa4 Bb4+ 11. Kf1 dxc4 12. a3 Ba5 13. Nc5 Nd6 14. b4 cxb3 15. Nxb3 Bb6 16. Bd3 0-0 17. g4 f6 18. h4 e5 19. dxe5 Bxg4 20. exd6 Bxf3 21. Rg1 Rad8 22. Nd2 Rxd6 23. Bc4+ Bd5 24. a4 Ba5 25. Bxd5+ Rxd5 26. Nb3 Bc3 27. Rb1 Rfd8 28. Ke2 c5 29. Rg4 f5 30. Rg5 Bf6 31. Rg2 Bxh4 32. Kf3 b6 33. Nc1 Rd1 34. Rh2 Bf6 35. Kg2 c4 36. Rh1 Rxh1 37. Kxh1 Rd1+ 38. Kg2 Bc3 39. Ne2 Rxb1 40. Nxc3 Rc1 41. Ne2 Ra1 42. e4 fxe4 43. Nc3 Kf7 44. Nxe4 Rxa4 45. Nc3 Ra1 0-1

[Event "Karl Mala Memorial op 10th"]
[Site "Griesheim"]
[Date "2006.07.23"]
[Round "6"]
[White "Wich, Manuela"]
[Black "Mao, Kevin"]
[Result "0-1"]
[WhiteElo "1420"]
[BlackElo "1209"]
[PlyCount "86"]
[EventDate "2006.07.20"]
[EventType "swiss"]
[EventRounds "7"]
[EventCountry "GER"]
[SourceTitle "CBM 113 Extra"]
[Source "ChessBase"]
[SourceDate "2006.09.14"]
[SourceVersion "1"]
[SourceVersionDate "2006.09.14"]
[SourceQuality "1"]

1. d4 d5 2. c4 e6 3. Nc3 Nf6 4. Bg5 Nbd7 5. Nf3 c6 6. e3 Qa5 7. Bxf6 Nxf6 8. Qa4 Bb4 9. Qxa5 Bxa5 10. Nd2 0-0 11. Be2 Bc7 12. 0-0 e5 13. cxd5 exd4 14. exd4 Nxd5 15. Nxd5 cxd5 16. Rac1 Bb6 17. Nb3 Bf5 18. Bf3 Be4 19. Bxe4 dxe4 20. Nc5 Bxc5 21. dxc5 Rac8 22. b4 f5 23. Rfd1 Rfd8 24. h3 Kf7 25. a4 Ke7 26. Kf1 Rd7 27. Rxd7+ Kxd7 28. Rd1+ Ke6 29. Ke2 Rc7 30. g3 Rc6 31. Ke3 b6 32. cxb6 Rxb6 33. Rd4 Ra6 34. a5 Rc6 35. Kf4 Rc3 36. h4 Rf3+ 37. Kg5 Rxf2 38. Rd8 Rf3 39. g4 Rg3 40. Re8+ Kf7 41. Re5 Rxg4+ 42. Kh5 Kf6 43. Rxe4 Rxe4 0-1

[Event "Karl Mala Memorial op 10th"]
[Site "Griesheim"]
[Date "2006.07.21"]
[Round "2"]
[White "Kutschera, Julian"]
[Black "Wich, Manuela"]
[Result "1-0"]
[WhiteElo "1865"]
[BlackElo "1420"]
[PlyCount "111"]
[EventDate "2006.07.20"]
[EventType "swiss"]
[EventRounds "7"]
[EventCountry "GER"]
[SourceTitle "CBM 113 Extra"]
[Source "ChessBase"]
[SourceDate "2006.09.14"]
[SourceVersion "1"]
[SourceVersionDate "2006.09.14"]
[SourceQuality "1"]

1. d4 Nf6 2. Nf3 d5 3. e3 e6 4. Bd3 c5 5. c3 Bd7 6. Nbd2 Nc6 7. 0-0 cxd4 8. exd4 Be7 9. Ne5 0-0 10. Re1 a6 11. Re3 Bc8 12. Rh3 h6 13. Nf1 Nxe5 14. dxe5 Ne4 15. Bxe4 dxe4 16. Qg4 f5 17. exf6 Bxf6 18. Qxe4 Bg5 19. Bxg5 Qxg5 20. Rd1 Rb8 21. Rg3 Qh5 22. Rd6 Qc5 23. Qd4 Qxd4 24. Rxd4 e5 25. Re4 Rf5 26. Rge3 Be6 27. b3 Rbf8 28. f3 Rd8 29. Rxe5 Rxe5 30. Rxe5 Kf7 31. Re2 Bf5 32. Rd2 Rxd2 33. Nxd2 Ke7 34. Kf2 Bc2 35. Ke3 Bg6 36. Ne4 b6 37. Kd4 Ke6 38. a4 Be8 39. a5 bxa5 40. Nc5+ Kd6 41. Nb7+ Kc6 42. Nxa5+ Kb5 43. Nc4 Bg6 44. f4 Bh5 45. Nd6+ Kc6 46. Nf5 g5 47. Nxh6 gxf4 48. Nf5 f3 49. gxf3 Bxf3 50. Ke5 Kc5 51. h4 a5 52. Ne3 a4 53. bxa4 Bc6 54. h5 Bxa4 55. h6 Be8 56. h7 1-0

[Event "Moehnesee Cup-B"]
[Site "Moehnesee"]
[Date "2005.08.20"]
[Round "5"]
[White "Wich, Manuela"]
[Black "Nellesen, Sebastian"]
[Result "0-1"]
[WhiteElo "1418"]
[BlackElo "1164"]
[PlyCount "71"]
[EventDate "2005.08.18"]
[EventType "swiss"]
[EventRounds "7"]
[EventCountry "GER"]
[SourceTitle "CBM 108 Extra"]
[Source "ChessBase"]
[SourceDate "2005.11.04"]
[SourceVersion "1"]
[SourceVersionDate "2005.11.04"]
[SourceQuality "1"]

1. d4 d5 2. c4 Nf6 3. cxd5 Nxd5 4. e4 Nb6 5. Nf3 Bg4 6. Be3 e5 7. Be2 exd4 8. Bxd4 Nc6 9. Bb5 Bxf3 10. Bxc6+ bxc6 11. gxf3 c5 12. Bc3 Qxd1+ 13. Kxd1 0-0-0+ 14. Ke2 f6 15. Nd2 Be7 16. a4 Rhe8 17. a5 Nd7 18. Nc4 Bd6 19. Nxd6+ cxd6 20. b4 f5 21. Kd3 Ne5+ 22. Bxe5 Rxe5 23. Rhe1 Rde8 24. b5 d5 25. Kd2 fxe4 26. fxe4 Rxe4 27. Rxe4 Rxe4 28. Re1 Rxe1 29. Kxe1 c4 30. Kd2 d4 31. f4 c3+ 32. Kd3 g6 33. h3 Kc7 34. h4 h5 35. Kc2 Kd6 36. Kd3 0-1